[Event "GER Seniors Derby 09th"]
[Site "Wesel Undeloh"]
[Date "2010.04.11"]
[Round "7.18"]
[White "Holler, Joerg"]
[Black "Gertz, Berthold"]
[Result "0-1"]
[WhiteElo "1345"]
[BlackElo "1693"]
[PlyCount "74"]
[EventDate "2010.04.08"]
[EventType "swiss"]
[EventRounds "7"]
[EventCountry "GER"]
[SourceTitle "EXT 2022"]
[Source "ChessBase"]
[SourceDate "2021.10.06"]
[SourceVersion "1"]
[SourceVersionDate "2021.10.06"]
[SourceQuality "1"]

1. e4 c5 2. Nf3 d6 3. d4 cxd4 4. Nxd4 Nf6 5. Nc3 a6 6. Bd3 e6 7. 0-0 Be7 8. Be3 0-0 9. Nf3 Ng4 10. Qe2 Nxe3 11. Qxe3 Nc6 12. a3 Bf6 13. Qd2 Qa5 14. b4 Qh5 15. Ne2 Bxa1 16. Rxa1 e5 17. Ng3 Qg4 18. c3 h6 19. Re1 Ne7 20. h3 Qf4 21. Re3 g6 22. Ne2 Qf6 23. Nh2 Be6 24. Rf3 Qg7 25. Ng3 Rad8 26. Qe3 d5 27. exd5 Nxd5 28. Qe2 Nxc3 29. Qe3 Nd5 30. Qe2 Nf4 31. Qc2 Rc8 32. Qb2 Rfd8 33. Qb1 h5 34. Be4 h4 35. Ngf1 Rc1 36. Qb2 Rdd1 37. g3 Bxh3 0-1

[Event "GER Seniors Derby 09th"]
[Site "Wesel Undeloh"]
[Date "2010.04.10"]
[Round "5.22"]
[White "Holler, Joerg"]
[Black "Rieger, Kurt"]
[Result "1-0"]
[WhiteElo "1345"]
[BlackElo "1140"]
[PlyCount "47"]
[EventDate "2010.04.08"]
[EventType "swiss"]
[EventRounds "7"]
[EventCountry "GER"]
[SourceTitle "EXT 2022"]
[Source "ChessBase"]
[SourceDate "2021.10.06"]
[SourceVersion "1"]
[SourceVersionDate "2021.10.06"]
[SourceQuality "1"]

1. e4 e6 2. d4 Nc6 3. Nf3 Be7 4. Bc4 Na5 5. Bd3 b6 6. c3 Nf6 7. b4 Nb7 8. 0-0 0-0 9. Qc2 d6 10. e5 dxe5 11. dxe5 Nd5 12. Bxh7+ Kh8 13. Be4 c6 14. a3 a6 15. Rd1 Qe8 16. c4 Nc7 17. Qb3 g6 18. Ng5 Kg7 19. Qe3 c5 20. Nf3 Qa4 21. Nc3 Qb3 22. Nd2 Bg5 23. Nxb3 Bxe3 24. Bxe3 1-0

[Event "GER Seniors Derby 09th"]
[Site "Wesel Undeloh"]
[Date "2010.04.09"]
[Round "3.23"]
[White "Holler, Joerg"]
[Black "Wagner, Richard1111"]
[Result "1-0"]
[WhiteElo "1345"]
[BlackElo "1493"]
[PlyCount "49"]
[EventDate "2010.04.08"]
[EventType "swiss"]
[EventRounds "7"]
[EventCountry "GER"]
[SourceTitle "EXT 2022"]
[Source "ChessBase"]
[SourceDate "2021.10.06"]
[SourceVersion "1"]
[SourceVersionDate "2021.10.06"]
[SourceQuality "1"]

1. e4 c5 2. Nf3 d6 3. d4 cxd4 4. Nxd4 Nf6 5. Nc3 a6 6. Be3 Nc6 7. Nxc6 bxc6 8. Bd3 Qc7 9. h3 Rb8 10. b3 e6 11. 0-0 Be7 12. Qd2 0-0 13. Na4 c5 14. c4 d5 15. cxd5 exd5 16. exd5 Rd8 17. Rac1 Rxd5 18. Qc3 Nd7 19. Rfe1 Rb4 20. Qxb4 Rxd3 21. Bxc5 Nxc5 22. Rxc5 Bxh3 23. Rxc7 Bxb4 24. Re8+ Bf8 25. gxh3 1-0